Calde labbra /

保存先:
書誌詳細
第一著者: Gori, Coriolano (作曲家)
その他の著者: Fani, Leonora (俳優), Fidani, Demofilo (デイレクター, シナリオライター), Fabiani, Flavia (俳優), Cocchi, Otello (映画脚本家, シナリオライター), Romagnoli, Walter (俳優), Lindt, Rosemarie (俳優), Faya, Didier (俳優), Ciccarese, Luigi (写真家), Valenza, Maria Rosa (シナリオライター), Beccarie, Claudine (俳優)
フォーマット: スライド
言語:イタリア語
出版事項: Campi Bisenzio : CG Entertainment, 2016
タグ: タグ追加
タグなし, このレコードへの初めてのタグを付けませんか!

MARC

LEADER 00000ngm a22000007i 4500
001 IT\ICCU\UBO\4195097
003 ItRI
005 20260124182817.0
008 160906s2016 it |||||||||||||||k|||||c
024 3 1 |a 8057092009697 
028 4 2 |a PSV21289  |b Euro Immobilfin 
040 |b ita 
041 7 |a ita  |2 ISO-639-2 
130 0 |a Calde labbra <film ; 1976>  |3 IT\ICCU\UBO\4195098 
245 0 0 |a Calde labbra /  |c un film di Demofilo Fidani ; sceneggiatura: Otello Cocchi, Demofilo Fidani, Maria Rosa Valenza ; soggetto: Otello Cocchi ; fotografia: Luigi Ciccarese ; musica: Coriolano Gori ; [cast] Claudine Beccarie, Leonora Fani, Flavia Fabiani ... [et al.]. 
260 |a Campi Bisenzio :  |b CG Entertainment,  |c 2016 
300 |a 1 DVD-video (86 min) :  |b a colori, PAL ;  |c 12 cm  
500 |a Etichetta: Euro Immobilfin 
500 |a Descrizione basata sul contenitore 
500 |a Produzione: Italia, 1976 
500 |a Codice area: 2; sistema e formato video: PAL, anamorfico 16:9, 2.35:1; formato audio: dolby digital 2.0 
500 |a Interpreti: Claudine Beccarie, Leonora Fani 
500 |a Lingua: italiano 
500 |a Sottotitoli: italiano per non udenti 
500 |a Contenuti extra: Burning Lips, versione hard di Calde Labbra, L'erotismo nero di Claudine, Intervista a Michele Giordano 
500 |a Vietato ai minori di 18 anni. 
700 1 |a Fani, Leonora  |0 IT\ICCU\CAGV\519728  |4 act 
700 1 |a Fidani, Demofilo  |0 IT\ICCU\CFIV\041375  |4 drt 
700 1 |a Fidani, Demofilo  |0 IT\ICCU\CFIV\041375  |4 sce 
700 1 |a Fabiani, Flavia  |0 IT\ICCU\DDSV\279203  |4 act 
700 1 |a Cocchi, Otello  |0 IT\ICCU\DDSV\289042  |4 aus 
700 1 |a Cocchi, Otello  |0 IT\ICCU\DDSV\289042  |4 sce 
700 1 |a Romagnoli, Walter  |0 IT\ICCU\DDSV\361107  |4 act 
700 1 |a Lindt, Rosemarie  |0 IT\ICCU\DDSV\373782  |4 act 
700 1 |a Faya, Didier  |0 IT\ICCU\DDSV\373783  |4 act 
700 1 |a Ciccarese, Luigi  |0 IT\ICCU\RAVV\458459  |4 pht 
700 1 |a Gori, Coriolano  |0 IT\ICCU\RAVV\499187  |4 cmp 
700 1 |a Valenza, Maria Rosa  |0 IT\ICCU\RAVV\668926  |4 sce 
700 1 |a Beccarie, Claudine  |0 IT\ICCU\UBOV\431651  |4 act 
710 2 |a CG Entertainment  |0 IT\ICCU\DDSV\039619  |4 pbl 
790 1 |a Cristofani, Eleonora  |3 IT\ICCU\SBNV\026075  |z Fani, Leonora 
790 1 |a Fani, Eleonora  |3 IT\ICCU\SBNV\026076  |z Fani, Leonora 
790 0 |a Abbadio  |3 IT\ICCU\SBNV\063821  |z Gori, Coriolano 
791 2 |a Cecchi Gori Entertainment  |3 IT\ICCU\DDSV\353142  |z CG Entertainment 
791 2 |a CG Home Video  |3 IT\ICCU\MODV\664430  |z CG Entertainment 
791 2 |a Cecchi Gori Home Video  |3 IT\ICCU\MODV\664431  |z CG Entertainment 
791 2 |a Cecchi Gori Home Group  |3 IT\ICCU\MODV\664432  |z CG Entertainment 
791 2 |a Cecchi Gori Editoria Elettronica Home video  |3 IT\ICCU\MODV\664433  |z CG Entertainment 
942 |2 ddc  |c VM  |n 0 
952 |0 0  |1 0  |4 0  |6 VO_2220_000000000000000  |7 0  |9 26686  |a BO  |b BO  |d 2026-01-24  |i 18238  |l 0  |o VO 2220  |p BO18238  |r 2026-01-24 18:28:17  |w 2026-01-24  |x [Sebina 5] [1 dvd]  |y VM  |z 1 dvd 
999 |c 22573  |d 22573